000 00710cam a2200217 4500
001 ABS62247
008 000000n2000 000 0 eng u
035 _a(Sirsi) u105447
100 _aWatt, M.
245 4 _aThe rating's on the pub wall
260 _c2000
490 _aEstates Gazette
_v(0014) 8 April 2000, 139(1)
520 _aDiscusses a recent LT case concerning two public houses in a shopping centre in Milton Keynes, which examined whether they should be assessed for rates as a shop or a pub.
590 _aABS
650 _aPUBLIC HOUSES
650 _aRATING ASSESSMENTS
650 _aRATEABLE VALUE
650 _aSHOPPING CENTRES
690 _aRATING AND LOCAL TAXATION
942 _n0
999 _c63180
_d63180